000
00276nam a22001337a 4500
008
170721b xxu||||| |||| 00| 0 eng d
020
_a
3486236318
041
_a
eng
080
_a
004
100
_a
28
101
_a
SHKI
245
_a
SOFTWARE
_c
OLDENBOURG
942
_2
udc
_c
BK
999
_c
21719
_d
21719